Sektorové antény pre WiFi signál

Salvato in:
Dettagli Bibliografici
Autore principale: Krchnák, Jakub (Autore)
Altri autori: Harťanský, René (Relatore della tesi)
Natura: Manoscritto Libro
Lingua:slovacco
Pubblicazione: 2019
Soggetti:
Accesso online:http://is.stuba.sk/zp/portal_zp.pl?podrobnosti=136114
Tags: Aggiungi Tag
Nessun Tag, puoi essere il primo ad aggiungerne!!

MARC

LEADER 00000ntm a22000003a 4500
001 stuzp72584
003 SK-STU
005 20190719111631.4
007 ta
008 150427s2015----xo-----f-mn---000-0-slo-d
040 |a STU  |b slo 
041 0 |a slo 
044 |a xo 
100 1 |a Krchnák, Jakub  |u 034000  |4 aut  |U FEI Fakulta elektrotechniky a informatiky  |T FEI Ústav elektrotechniky  |X 87089  |U E040  |Y 550  |7 87089 
242 0 1 |a WiFi sector antennas  |y eng 
245 1 0 |a Sektorové antény pre WiFi signál 
260 |c 2019 
300 |a 64 s.,  |b CD-ROM 
650 4 |a Anténa  |2 slo 
650 4 |a Dipól  |2 slo 
650 4 |a Elektromagnetická vlna  |2 slo 
650 4 |a Impedančné prispôsobenie  |2 slo 
650 4 |a Frekvencia  |2 slo 
650 4 |a Antenna  |2 eng 
650 4 |a Dipole  |2 eng 
650 4 |a Electromagnetic wave  |2 eng 
650 4 |a Impedance matching  |2 eng 
650 4 |a Frequency  |2 eng 
700 1 |a Harťanský, René  |u 034000  |k Z1  |4 ths  |U FEI Fakulta elektrotechniky a informatiky  |T FEI Ústav elektrotechniky  |X 2588  |U E040  |Y 550  |7 A000002588 
856 4 |u http://is.stuba.sk/zp/portal_zp.pl?podrobnosti=136114 
996 |b 284ER02926  |c E*Bc- 2926  |l EE34  |s P  |a 0  |w stuzp72584_0001